Library Banner

Socio-economicand demographic profile of NWFP (Record no. 39813)

MARC details
000 -LEADER
fixed length control field 00595nam a2200193Ia 4500
001 - CONTROL NUMBER
control field 40638
003 - CONTROL NUMBER IDENTIFIER
control field PK-LaUMT
005 - DATE AND TIME OF LATEST TRANSACTION
control field 20220805145610.0
008 - FIXED-LENGTH DATA ELEMENTS--GENERAL INFORMATION
fixed length control field 140424s9999 xx 000 0 und d
020 ## - INTERNATIONAL STANDARD BOOK NUMBER
International Standard Book Number NA
040 ## - CATALOGING SOURCE
Transcribing agency PK-LaUMT
082 ## - DEWEY DECIMAL CLASSIFICATION NUMBER
Classification number P 304.6021P
Item number NAE-S
100 ## - MAIN ENTRY--PERSONAL NAME
Personal name Naeem ur Rehman Khattak
245 ## - TITLE STATEMENT
Title Socio-economicand demographic profile of NWFP
Remainder of title an analysis of 1998 population and housing census
Statement of responsibility, etc Naeem ur Rehman Khattak
260 ## - PUBLICATION, DISTRIBUTION, ETC. (IMPRINT)
Place of publication, distribution, etc Islamabad,Pakistan:
Name of publisher, distributor, etc Pakistan Institute of Development Economics,
Date of publication, distribution, etc 2004
300 ## - PHYSICAL DESCRIPTION
Extent 118 p.
546 ## - LANGUAGE NOTE
Language note EN
942 ## - ADDED ENTRY ELEMENTS (KOHA)
Koha item type Permanently weeded out collection
Source of classification or shelving scheme Dewey Decimal Classification
Holdings
Withdrawn status Lost status Damaged status Not for loan Home library Current library Date acquired Total Checkouts Full call number Barcode Date last seen Price effective from Koha item type
        UMT Main Campus UMT Main Campus 2014-04-24   P 304.6021P NAE-S 43703 2014-05-05 2014-05-05 Books